000 00532nam a2200181Ia 4500
001 20177
005 20260306172747.0
008 260306t2004||||xx |||||||||||||| ||spa||
041 _aESP
082 _a342.812
_bI59
100 _aInstituto Internacional para la Unificación del Derecho Privado (UNIDROIT)
_eAUT
245 0 _aPrincipios UNIDROIT:
_bsobre los contratos comerciales internacionales
260 _c2004
300 _axxviii, 399 pƔginas :
_c24 cm.
650 _aGEN
654 _aCDE
942 _cLIB
_dJUS
_fJUS
_2ddc
_n
999 _c20177
_d20177